Préfectures et sous-préfectures des Hauts-de-France - Statistiques

Statistiques générales
  • Ce quiz a été pris 638 fois
  • Le résultat moyen est 16 sur 26
Statistiques - réponses
Réponse % Correct
Lille
99%
Amiens
98%
Arras
94%
Laon
92%
Beauvais
91%
Calais
89%
Dunkerque
88%
Lens
84%
Valenciennes
71%
Saint-Quentin
70%
Boulogne-sur-Mer
67%
Douai
66%
Compiègne
62%
Soissons
59%
Cambrai
57%
Abbeville
53%
Béthune
51%
Saint-Omer
49%
Clermont
44%
Château-Thierry
43%
Senlis
40%
Péronne
37%
Montreuil-sur-Mer
34%
Avesnes-sur-Helpe
32%
Montdidier
31%
Vervins
30%
Aucun quiz correspondant
Distribution des résultats
% des personnes avec chaque résultat
Percentile par nombre de réponses
Votre historique - résultats
Vous n’avez pas pris ce quiz